| Поле | Инд. | ПП | Название | Значение |
|---|---|---|---|---|
| Тип записи | a | |||
| Библиографический уровень | m | |||
| 001 | Контрольный номер | dd6d273c-a3cf-4c39-9e4f-1ee14328a52e | ||
| 005 | Дата корректировки | 20140226152810.2 | ||
| 008 | Кодируемые данные | 010120 d | ||
| 020 | a | ISBN | 5-02-013910-6 (в пер.) | |
| c | Цена, тираж | 2.50 | ||
| 040 | a | Служба первич. каталог. | RU-RKP | |
| 040 | a | Служба первич. каталог. | НБ ТвГУ | |
| 041 | a | Код языка текста | rus | |
| 080 | a | Индекс УДК | 51 | |
| 084 | a | Индекс другой классификации/Индекс ББК | В1г(3)6 | |
| a | Индекс другой классификации/Индекс ББК | Б.в | ||
| a | Индекс другой классификации/Индекс ББК | В68 | ||
| 090 | x | Авторский знак | В26 | |
| a | Полочн. индекс | В1г(3)6 | ||
| 092 | a | 27.01 | ||
| 100 | 1_ | a | Автор | Вейль Герман |
| 245 | a | Заглавие | Математическое мышление | |
| b | Продолж. заглавия | Сборник : Пер. с англ. и нем. | ||
| c | Ответственность | Герман Вейль; Сост. Ю.А. Данилов; Под ред. [и со статьями] Б.В. Бирюкова, А.Н. Паршина | ||
| 260 | 0_ | a | Место издания | Москва |
| b | Издательство | Наука | ||
| c | Дата издания | 1989 | ||
| 300 | a | Объем | 400 с. | |
| b | Иллюстрации/ тип воспроизводства | ил. | ||
| c | Размеры | 21 см | ||
| 504 | a | Библиография | Библиогр. в конце разделов.- Библиогр. в примеч.: с. 360-392. - Имен. указ.: с. 393-398. | |
| 650 | a | Основная рубрика | Математика | |
| 650 | a | Основная рубрика | Мышление математическое | |
| 653 | a | Ключевые слова | Математика | |
| a | Ключевые слова | Математическое мышление | ||
| 700 | 1_ | a | Другие авторы | Данилов Ю.А. |
| e | Роль лиц | сост. | ||
| 700 | 1_ | a | Другие авторы | Бирюков Б.В. |
| e | Роль лиц | ред. | ||
| 700 | 1_ | a | Другие авторы | Паршин А.Н. |
| e | Роль лиц | ред. | ||
| 852 | t | Порядковый номер экземпляра | 3 | |
| p | Инвентарный номер | 610404 | ||
| p | Инвентарный номер | 610587 | ||
| p | Инвентарный номер | 610586 | ||
| 863 | t | 00031997 | ||
| 863 | t | 00031996 | ||
| 863 | t | 00031999 | ||
| 954 | a | Дата поступления на обработку | 20000621 | |
| 999 | a | Подразделение 2 | Фил3 |